01526nam a2200313Ia 450000500170000000800410001702000180005804000180007604100080009408200190010210000310012124500740015225000120022626000560023830000240029465000370031865000350035565000380039065000440042870000300047270000240050270000270052694200290055399900190058295201220060195201630072395201630088695201630104920260117101256.0210716s2010 xx 000 0 und d a9788131505632 cAIMIT LIBRARY aeng a651.721bKRIA aKrizan, A C Buddy.918950 aEffective business communication /cBy A. C. Buddy Krizan...[et al.]. a1st ed. aNew Delhi :bCengage Learning India Pvt Ltd ,c2008 a436p. ;c24 cm.bPB aCommunication Environment918973 aEffective Communication918974 aCorrespondence Application918975 aOral and Nonverbal Communication918976 aMerrier, Patricia.918951 aLogan, Joyce918952 aWilliams, Karen918953 2ddccBKe1stk651.7 KRIA c181132d181132 00102ddc40708MCAaAIMITbAIMITd2021-07-16eDonatedl0o651.7 KRIApMCA00640r2025-07-21 00:00:00w2021-07-16yDB 00102ddc40708MBAaAIMITbAIMITd2008-03-03g390.00iBill no:193/BK/S.A/08; Bill dt:2l0o651.7 KRIApMBA05105r2025-07-21 00:00:00v195.00w2021-07-16yBK 00102ddc40708MBAaAIMITbAIMITd2009-09-16g390.00iBill no:9847; Bill dt:2009-09-15l0o651.7 KRIApMBA06375r2025-07-21 00:00:00v292.50w2021-07-16yBK 00102ddc40708MBAaAIMITbAIMITd2009-09-16g390.00iBill no:9847; Bill dt:2009-09-15l0o651.7 KRIApMBA06431r2025-07-21 00:00:00v292.50w2021-07-16yBK